LEADER 01364nam 2200385 450 001 996575459303316 005 20230808204322.0 010 $a1-5090-0838-1 035 $a(CKB)4100000008867468 035 $a(WaSeSS)IndRDA00120361 035 $a(EXLCZ)994100000008867468 100 $a20200316d2016 uy 0 101 0 $aeng 135 $aur||||||||||| 181 $ctxt$2rdacontent 182 $cc$2rdamedia 183 $acr$2rdacarrier 200 10$a2016 IEEE VR 2016 Workshop on Perceptual and Cognitive Issues in AR $e19-19 March 2016, Greenville, SC, USA /$fInstitute of Electrical and Electronics Engineers 210 1$aPiscataway, New Jersey :$cInstitute of Electrical and Electronics Engineers,$d2016. 215 $a1 online resource (4 pages) 311 $a1-5090-0839-X 606 $aAugmented reality$vCongresses 606 $aPerception$xData processing$vCongresses 606 $aCognition$xData processing$vCongresses 615 0$aAugmented reality 615 0$aPerception$xData processing 615 0$aCognition$xData processing 676 $a006.8 712 02$aInstitute of Electrical and Electronics Engineers, 801 0$bWaSeSS 801 1$bWaSeSS 906 $aPROCEEDING 912 $a996575459303316 996 $a2016 IEEE VR 2016 Workshop on Perceptual and Cognitive Issues in AR$92530980 997 $aUNISA